Álhősök, hamis istenek? hős- és sztárkultusz a posztmodern korban /

Elmentve itt :
Bibliográfiai részletek
Szerző: Povedák István
Dokumentumtípus: Könyv
Megjelent: Gerhardus Szeged 2011
Sorozat:Szegedi vallási néprajzi könyvtár
Kulcsszavak:Híres emberek, Személyi kultusz - 20. sz.
Tárgyszavak:
Online Access:http://acta.bibl.u-szeged.hu/72684
LEADER 00792nam a2200217 i 4500
001 acta72684
005 20250515132733.0
008 210429s2011 hu o 000 hun d
020 |a 978 963 88914 5 7 
022 |a 1419-1288 
040 |a SZTE Egyetemi Kiadványok Repozitórium  |b hun 
041 |a hun 
100 1 |a Povedák István 
245 1 0 |a Álhősök, hamis istenek?   |h [elektronikus dokumentum] :  |b hős- és sztárkultusz a posztmodern korban /  |c  Povedák István 
260 |a Gerhardus  |b Szeged  |c 2011 
300 |a 254  |c 25 cm 
490 0 |a Szegedi vallási néprajzi könyvtár 
650 4 |a Társadalomtudományok 
650 4 |a Szociológia 
695 |a Híres emberek, Személyi kultusz - 20. sz. 
856 4 0 |u http://acta.bibl.u-szeged.hu/72684/1/szegedi_vallasi_028.pdf  |z Dokumentum-elérés